Statistics for Lord Of The Rings Characters

Click here to take the quiz!

General Stats

  • This quiz has been taken 3,331 times
  • The average score is 20 of 25

Answer Stats

HintAnswer% Correct
The Ring BearerFrodo
100%
The Grey WizardGandalf
99%
The DwarfGimli
98%
The ArcherLegolas
98%
The Dark LordSauron
98%
The Exiled RangerAragorn
97%
The HobbitBilbo
97%
The Fool of a TookPippin
96%
The BrandybuckMerry
95%
The Lord of RivendellElrond
92%
The GardenerSam
92%
The White WizardSaruman
92%
The Stewart's FavoriteBoromir
90%
The Captain Of GondorFaramir
89%
The Queen Of the ElvesGaladriel
89%
The TreehearderTreebeard
88%
The Maiden of RohanEowyn
80%
The King Of RohanTheoden
80%
The Captain of the RohirrimEomer
77%
The StewartDenethor
72%
The Flame & ShadowBalrog
59%
The Tower Of IsengardOrthanc
55%
The HybridsUruk-Hai
44%
The Tower of MordorBarad-dur
43%
The FutureMen
16%

Score Distribution

Percentile by Number Answered

Percent of People with Each Score

Your Score History

You have not taken this quiz